[Event "Lido Adriano op 1st"]
[Site "Ravenna"]
[Date "2011.04.06"]
[Round "5"]
[White "Daniele, Fabio"]
[Black "Mkrtchyan, Albert"]
[Result "0-1"]
[WhiteElo "1443"]
[BlackElo "1821"]
[PlyCount "74"]
[EventDate "2011.04.02"]
[EventType "swiss"]
[EventRounds "9"]
[EventCountry "ITA"]
[SourceTitle "EXT 2023"]
[Source "ChessBase"]
[SourceDate "2022.10.05"]
[SourceVersion "1"]
[SourceVersionDate "2022.10.05"]
[SourceQuality "1"]

1. e4 e6 2. Qe2 c5 3. b3 Nc6 4. Nf3 d6 5. Bb2 Nf6 6. d3 e5 7. h3 Be6 8. Na3 Rc8 9. Nc4 b5 10. Ncd2 Qa5 11. Ng5 Be7 12. Nxe6 fxe6 13. g4 0-0 14. g5 Nd7 15. h4 Rf4 16. Bh3 Nf8 17. Bg2 Ng6 18. Bh3 Nd8 19. h5 Nh4 20. g6 Nf3+ 21. Kd1 Qxd2+ 22. Qxd2 Nxd2 23. gxh7+ Kxh7 24. Kxd2 Rxf2+ 25. Ke3 Rxc2 26. Rab1 Bg5+ 27. Kf3 Rc7 28. Kg4 Bf4 29. a4 b4 30. Bc1 Rxc1 31. Rbxc1 Bxc1 32. Rxc1 Rf7 33. Rf1 Rxf1 34. Bxf1 Nc6 35. Be2 Nd4 36. Bd1 Kh6 37. a5 Nc6 0-1

[Event "Lido Adriano op 1st"]
[Site "Ravenna"]
[Date "2011.04.05"]
[Round "4"]
[White "Litrico, Paolo"]
[Black "Mkrtchyan, Albert"]
[Result "1-0"]
[WhiteElo "1963"]
[BlackElo "1821"]
[PlyCount "39"]
[EventDate "2011.04.02"]
[EventType "swiss"]
[EventRounds "9"]
[EventCountry "ITA"]
[SourceTitle "EXT 2023"]
[Source "ChessBase"]
[SourceDate "2022.10.05"]
[SourceVersion "1"]
[SourceVersionDate "2022.10.05"]
[SourceQuality "1"]

1. d4 Nf6 2. Nf3 g6 3. Nc3 Bg7 4. e4 d6 5. Be3 0-0 6. Qd2 Nbd7 7. Bh6 c5 8. d5 Ne8 9. h4 Ndf6 10. Bxg7 Kxg7 11. e5 Ng4 12. h5 dxe5 13. hxg6 fxg6 14. Ng5 Rxf2 15. Rxh7+ Kg8 16. Be2 Ngf6 17. Rxe7 Bf5 18. d6 Nh5 19. Qd5+ Kh8 20. Rh7# 1-0